000 00840nam a2200241Ia 4500
003 OSt
005 20220925222316.0
006 a|||||r|||| 00| 0
007 ta
008 220923b |||||||| |||| 00| 0 eng d
020 _a9781137489289
_c4676.3999999999996
037 _bP-560/15-16, 09/11/2015, Manohar Publishers & Distributors
_cGeneral Book
040 _aRTL
_cRTL
_beng
041 _2eng
_aeng
082 _aY:3(M143).2, Q5
100 _aGUPTA Suman
245 0 _aConsumable texts in contemporary India
_b Uncultured books and bibliographical Sociology.
260 _aLondon
_bPalgrave Macmillan
_c2015
300 _ax,204p.
_ccm.
650 _aSociology
942 _hY:3(M143).2, Q5
_cGB
_2CC
999 _c576660
_d576660